000 00510nam a22001577a 4500
003 OSt
005 20160325142221.0
008 160325b xxu||||| |||| 00| 0 eng d
040 _cRUA
082 _aATM KEA 2004 B473 Or.1
100 _98221
_aKEA POLAK, គា ពលៈ
245 _aសកម្មភាពការផ្សាំកូនត្រីហាប៉ាជាលក្ខណៈគ្រួាសារ
260 _aPhnom Penh
_bRUA
_c2004
300 _aix; 46p.
_bill.
_c26cm.
942 _2ddc
_cATM
999 _c7844
_d7844